Homicide and its social causes / (Record no. 9962)

MARC details
000 -LEADER
fixed length control field 00893nam a22002532 4500
001 - CONTROL NUMBER
control field 0000023756
005 - DATE AND TIME OF LATEST TRANSACTION
control field 20151217152248.0
008 - FIXED-LENGTH DATA ELEMENTS--GENERAL INFORMATION
fixed length control field 130321s xx 000 0 eng d
020 ## - INTERNATIONAL STANDARD BOOK NUMBER
International Standard Book Number 9966031082 :
040 ## - CATALOGING SOURCE
Original cataloging agency KABU
Transcribing agency KABU
100 1# - MAIN ENTRY--PERSONAL NAME
Personal name Mushanga, Mwene.
-- 0000183371
245 10 - TITLE STATEMENT
Title Homicide and its social causes /
Statement of responsibility, etc. Mwene Mushanga.
250 ## - EDITION STATEMENT
Edition statement 1st ed.
260 ## - PUBLICATION, DISTRIBUTION, ETC. (IMPRINT)
Place of publication, distribution, etc. Nairobi :
Name of publisher, distributor, etc. LawAfrica,
Date of publication, distribution, etc. 2011.
300 ## - PHYSICAL DESCRIPTION
Extent x, 182 p.
650 #0 - SUBJECT ADDED ENTRY--TOPICAL TERM
Topical term or geographic name as entry element Homicide
Geographic subdivision Africa, East.
-- 0000183455
650 #0 - SUBJECT ADDED ENTRY--TOPICAL TERM
Topical term or geographic name as entry element Homicide
General subdivision Law and legislation.
Geographic subdivision Africa, East.
-- 0000183456
852 1# - LOCATION
-- p2700 KES
852 1# - LOCATION
-- p2700 KES
852 1# - LOCATION
-- p2700 KES
852 1# - LOCATION
-- p2700 KES
908 ## - PUT COMMAND PARAMETER (RLIN)
Put command parameter 130321
950 ## - LOCAL HOLDINGS (RLIN)
-- 1
Holdings
Withdrawn status Lost status Source of classification or shelving scheme Not for loan Home library Current library Date acquired Total Checkouts Full call number Barcode Date last seen Price effective from Koha item type Date last checked out
    Library of Congress Classification   Kabarak, Main Campus Kabarak, Main Campus 17/12/2015   HV6535 .A353M87 2011 c. 2 014798 17/12/2015 17/12/2015 General Collection  
    Library of Congress Classification   Kabarak, Main Campus Kabarak, Main Campus 17/12/2015   HV6535 .A353M87 2011 c. 3 014801 17/12/2015 17/12/2015 General Collection  
    Library of Congress Classification   Kabarak, Main Campus Kabarak, Main Campus 17/12/2015 1 HV6535 .A353M87 2011 c. 4 014802 31/03/2026 17/12/2015 General Collection 02/03/2026
    Library of Congress Classification   Kabarak, Main Campus Kabarak, Main Campus 17/12/2015   HV6535 .A353M87 2011 c. 5 014803 17/12/2015 17/12/2015 General Collection  
    Library of Congress Classification   Kabarak, Main Campus Kabarak, Main Campus 17/12/2015   HV6535 .A353M87 2011 c. 1 014795 17/12/2015 17/12/2015 Africana Collection  
Designed with assistance from East African Informatics Ltd